[Event "Hoogovens"]
[Site "Wijk aan Zee"]
[Date "1997.01.27"]
[Round "8"]
[White "Sokolov, Ivan"]
[Black "Granda Zuniga, Julio E"]
[Result "1-0"]
[WhiteElo "2615"]
[BlackElo "2620"]
[Annotator "Jacoby,G"]
[PlyCount "95"]
[EventDate "1997.01.18"]
[EventType "tourn"]
[EventRounds "13"]
[EventCountry "NED"]
[EventCategory "16"]
[SourceTitle "CBM 057"]
[Source "ChessBase"]
[SourceDate "1997.04.01"]
[SourceVersion "1"]
[SourceVersionDate "1997.04.01"]
[SourceQuality "1"]

1. d4 Nf6 2. c4 e6 3. Nf3 b6 4. Nc3 Bb4 (4... Bb7 5. Bf4 Bb4 6. Qb3 {+/=
Kortschnoj,V-Huebner,R/Meran cf 1980 (43)}) 5. Qb3 c5 6. Bg5 (6. a3 Ba5 7. Bg5
h6 8. Bh4 g5 $5 {N} (8... Nc6 9. O-O-O Bxc3 10. Qxc3 cxd4 11. Nxd4 Ne4 12. Qh3
$1 $16 {Seirawan,Y-Timman,J/Hilversum m/3/1990/ ->CBM 21}) 9. Bg3 Nc6 (9... g4
10. Nd2 cxd4 11. Ncb1 Ne4 12. Qd3 Nxg3 13. Qxd4 Bxd2+ 14. Nxd2 Nxh1 15. Qxh8+
Ke7 16. Qxh6 Bb7 17. Qg5+ Ke8 18. Qg8+ Ke7 19. Qg5+ Ke8 20. Qg8+ Ke7 {1/2-1/2
Dreev,A-Kiselev,S/URS-ch58 Moscow 1991}) 10. O-O-O Bxc3 11. Qxc3 Ne4 12. Qc2
Nxg3 13. hxg3 cxd4 14. Nxd4 Nxd4 15. Rxd4 Bb7 16. e3 Qf6 17. Kb1 Rc8 18. Qd2
Rc7 19. f3 Kd8 20. Be2 Kc8 21. g4 {1-0 Gheorghiu,F-Leuba,D/SWZ-GP Suhr 1991 
(38);CBM 22}) (6. Bf4 O-O 7. e3 (7. a3 Ba5 8. dxc5 Ne4 9. cxb6 axb6 10. g3 Nc6
11. Bg2 Bxc3+ 12. bxc3 Ba6 13. O-O Nc5 14. Qc2 Bxc4 15. Ne5 {1-0 Dreev,
A-Timman,J/Moscow blitz 1993 (40)}) 7... d5 8. Rd1 Nbd7 9. cxd5 Nxd5 10. Bg5
Qc7 11. Bc4 cxd4 12. Bxd5 Bxc3+ $1 13. bxc3 exd5 14. cxd4 Ba6 15. Nd2 Rfe8 16.
Qa3 Qb7 17. f3 Rac8 $17 {0-1 Dreev,A-Ivanchuk,V/Linares 1995 (39);CBM 46}) 6...
Nc6 (6... O-O 7. d5 d6 8. O-O-O Bxc3 9. Qxc3 Ne4 10. Qe3 Nxg5 11. Nxg5 e5 12.
h4 h6 13. Ne4 f5 14. Nc3 Nd7 {1/2-1/2 Sutmuller,J-Vanheirzeele,D/NLD-chT 1995 
(23)}) 7. d5 (7. e3 h6 8. Bh4 g5 9. Bg3 Ne4 10. Bd3 Bxc3+ 11. bxc3 Nxg3 12.
hxg3 d6 13. Be4 Bd7 14. Bxc6 Bxc6 15. d5 Bd7 16. dxe6 Bxe6 17. Rd1 Qe7 18. e4
f5 19. e5 g4 20. Nh4 O-O-O 21. Ng6 {Condie,M-Cullip,S/Edinburgh op 1989/1-0 
(51)}) 7... Na5 8. Qc2 h6 9. Bh4 exd5 (9... Nxc4 10. O-O-O Bxc3 11. Qxc3 Na5
12. e4 O-O 13. e5 Ne4 14. Qe3 g5 15. Qxe4 exd5 16. Rxd5 {1-0 Peng
Zhaoqin-Janssen,R/Hoogovens-B (9)/1997}) (9... d6 10. e4 e5 11. Nd2 Bxc3 (11...
Bd7 12. Ndb1 g5 13. Bg3 Nh5 14. a3 Bxc3+ 15. Nxc3 Qf6 16. O-O-O O-O-O 17. f3
Qg6 18. Bf2 Kb8 19. g3 f5 20. b4 Nb7 21. Bd3 fxe4 22. Nxe4 {1-0 Van Wely,
L-Tiviakov,S/Groningen 1994 (50)}) 12. Qxc3 Qe7 13. Be2 Nxd5 14. Qg3 g5 15.
exd5 gxh4 16. Qg7 Qf8 17. Qf6 Rg8 18. O-O-O {Sokolov,I-Bauer,C/EU-ch Rapid-30'
1996/1-0 (77)}) 10. cxd5 O-O (10... g5 11. Bg3 Nxd5 $4 12. Qe4+ $18) 11. e3 d6
(11... g5 12. Bg3 Nxd5 13. O-O-O Bxc3 14. bxc3 Bb7 15. h4 $40) 12. Be2 Bxc3+ (
12... g5 13. Bg3 Nxd5 14. O-O-O) 13. bxc3 (13. Qxc3 $2 Nxd5 $1 $15) 13... Qe7
14. Nd2 Bd7 (14... g5 15. Bg3 Nxd5) 15. O-O Rae8 16. c4 $14 {[%csl Ra5][%cal
Ye3e4,Yf2f4]} g6 17. Bd3 g5 18. Bg3 Nh5 19. Rae1 (19. Ne4 Nb7 $1) (19. Bf5 Nxg3
20. hxg3 Bxf5 21. Qxf5 Qe5 $11) (19. e4 $5 Nb7 20. f4 Nxg3 21. hxg3 $36) 19...
f5 20. f4 Nxg3 21. hxg3 Qg7 22. fxg5 Qxg5 {[%csl Rf5]} 23. Rf3 Nb7 $2 (23...
Rf7 $142 24. Ref1 Ref8 (24... Rxe3 25. Ne4 fxe4 26. Rxf7 exd3 27. Rf8+ Kh7 28.
R1f7+ Kg6 29. Qf2 $16) 25. e4 f4 26. gxf4 Rxf4 27. Rxf4 Rxf4 28. Nf3 Qg3) 24.
Ref1 Nd8 (24... Rxe3 $4 25. Ne4) 25. e4 $1 Nf7 (25... fxe4 $4 26. Nxe4 Qe7 27.
Nf6+) 26. exf5 $16 Ne5 $1 27. Ne4 $1 Nxf3+ 28. Rxf3 Rxe4 (28... Qe7 29. f6 Qe5
30. Qd2 Qh5 (30... Qd4+ 31. Kh2 Rxe4 32. Qxh6 $18) 31. f7+ Rxf7 32. Nf6+ Rxf6
33. Rxf6 $16) (28... Qd8 29. Qc1 (29. Nxd6 Re1+ 30. Kh2 Qe7 31. Qd2) 29... Bxf5
30. Qxh6 Re5 31. Rf4 Qe7 32. Nxd6 Rf6 33. Qg5+ Bg6 34. Nf5 Qd6 35. Rg4 Rexf5
36. Bxf5 $18) 29. Bxe4 Qf6 30. Rf4 Rf7 (30... Re8 31. Qd2 b5 32. Rg4+ Kf7 33.
Rg6 $40) 31. Kh2 Rg7 32. Qd2 Rg5 (32... b5 33. cxb5 Bxb5 34. Rh4 Rg5 35. Qa5
$40) 33. g4 Rg7 34. Qf2 Re7 (34... b5 $142) 35. Bd3 Kf8 36. Qg3 Rg7 37. Kh3 Re7
38. Rf1 Re5 39. Kh2 Re7 40. Qf4 Qh4+ 41. Kg1 Qf6 42. Rf3 {/\Rh3} Rg7 43. Rh3
Rg5 44. Be2 Be8 45. Re3 Bf7 46. Ra3 Qe7 47. Kf2 Kg7 48. Qe3 (48. Qe3 Qc7 49.
Qc3+ Kh7 50. Qf6 {/\Rh3}) 1-0

[Event "Aars"]
[Site "Aars"]
[Date "1995.??.??"]
[Round "5"]
[White "Nielsen, Peter Heine"]
[Black "Hansen, Curt"]
[Result "1/2-1/2"]
[WhiteElo "2500"]
[BlackElo "2635"]
[Annotator "King,D"]
[PlyCount "51"]
[EventDate "1995.10.??"]
[EventType "tourn"]
[EventRounds "9"]
[EventCountry "DEN"]
[EventCategory "9"]
[SourceTitle "CBM 050"]
[Source "ChessBase"]
[SourceDate "1996.02.01"]
[SourceVersion "1"]
[SourceVersionDate "1996.02.01"]
[SourceQuality "1"]

1. d4 Nf6 2. c4 e6 3. Nc3 Bb4 4. Nf3 b6 5. Qb3 c5 6. a3 Ba5 7. Bg5 h6 8. Bh4
Bb7 9. e3 g5 10. Bg3 Ne4 11. Bd3 Bxc3+ 12. bxc3 Nxg3 13. hxg3 d6 14. Qc2 Nd7
15. a4 a5 {It is in neither side's interest to castle: Black for obvious
reasons; and White could be walking into a kingside attack. As the centre is
fairly blocked there is little risk in leaving the kings in the middle.} 16.
Be4 Bxe4 17. Qxe4 Ke7 18. d5 Nf6 19. Qd3 Qg8 20. dxe6 Qg6 21. Qxg6 fxg6 22. Nd2
Kxe6 23. Rb1 Rab8 24. Ke2 g4 25. f4 h5 26. Rb3 1/2-1/2

[Event "EU-chT (Men) 15th"]
[Site "Gothenburg"]
[Date "2005.07.31"]
[Round "2.1"]
[White "Kortschnoj, Viktor Lvovich"]
[Black "Nisipeanu, Liviu Dieter"]
[Result "1/2-1/2"]
[WhiteElo "2615"]
[BlackElo "2679"]
[Annotator "Kortschnoj,V"]
[PlyCount "102"]
[EventDate "2005.07.30"]
[EventType "team-swiss"]
[EventRounds "9"]
[EventCountry "SWE"]
[SourceTitle "CBM 109"]
[Source "ChessBase"]
[SourceDate "2005.11.14"]
[SourceVersion "1"]
[SourceVersionDate "2005.11.14"]
[SourceQuality "1"]
[WhiteTeam "Switzerland"]
[BlackTeam "Romania"]
[WhiteTeamCountry "SUI"]
[BlackTeamCountry "ROU"]

1. d4 {Gavrikov} Nf6 2. c4 e6 3. Nf3 b6 4. Nc3 Bb4 5. Qb3 ({This reply is less
dangerous for Black than} 5. Bg5 {Gavrikov}) 5... c5 6. a3 {A rather harmless
continuation. More active, according to the modern theory, is 6.Bg5 h6 7.Bh4
Nc6 8.d5 Na5 9.Qc2 and then 0-0-0, developing white`s initiative.} Ba5 7. Bd2
O-O 8. e3 Bb7 {Played an adventurous way. The simple move 8...d5 would promise
convenient play to black.} 9. dxc5 Bxf3 10. gxf3 bxc5 11. f4 {Black has given
up his good piece - the white-squared bishop, but chances in the position are
still about equal.} Nc6 {'?!' Gavrikov. Gavrikov: 'This natural move is
probably an inaccuracy.'} ({Deserved serious attention} 11... d5 $1 {Gavrikov}
12. Bg2 Nbd7 13. cxd5 exd5 14. O-O (14. Bxd5 $6 Rb8 15. Qa2 Nxd5 16. Qxd5 Rxb2
$36) 14... d4 $1 (14... Rb8 15. Qc2 d4 16. Ne4 Bxd2 17. Nxd2) 15. Ne4 Nxe4 16.
Bxa5 Qxa5 17. Bxe4 Rab8 {followed by Nf6 with comfortable position for Black.})
12. Bg2 Rb8 13. Qc2 Ne7 {Black is preparing d7-d5.} ({Instead he could play} 
13... Qb6 14. O-O-O (14. Na4 Bxd2+ 15. Qxd2 Qb3 16. Nxc5 (16. Qd1 $5 Qxc4 17.
Rc1) 16... Qxb2 17. Qxb2 Rxb2 18. Nxd7 Nxd7 19. Bxc6 Nc5 {Black will soon
recapture the pawn with an active position.}) 14... Qa6 15. Na4 Bxd2+ 16. Rxd2
Na5 $1 {still with about equal chances.}) 14. O-O-O $14 d5 {'?!' Gavrikov. The
most consequent.  Gavrikov: 'From a practical point of view this decision is
dubious because it requires precise defence.'} ({After} 14... Nf5 $6 15. Rhg1 {
white had a clear edge.}) (14... d6 {Gavrikov} 15. Nb5 Bxd2+ 16. Rxd2 d5 17.
Nxa7 Qb6 18. Nb5 $13) (14... a6 $142 {Gavrikov}) 15. cxd5 exd5 16. Nxd5 {
The move is more or less forced. But/and it is strong. It wins, almost wins!,
a pawn.} Bxd2+ ({Or} 16... Nfxd5 17. Bxa5 Qxa5 18. Bxd5 Rb6 (18... c4 19. Bxc4
Rfc8 20. Rd4 Nf5 21. Rd3 (21. Rd5 $2 Qb6 22. Rxf5 Rxc4 23. Qxc4 Qxb2+ 24. Kd1
Qb1+ 25. Ke2 Qxf5 $15) 21... Qb6 22. Rc3 Nd6 23. b3 {Black's initiative should
not be underestimated, but two extra pawns should say their word.}) 19. Qc4
Rfb8 20. Rd2 {black's compensation for the pawn is not sufficient.}) 17. Rxd2
Nexd5 18. Bxd5 Nxd5 19. Rhd1 Nxe3 {The arising endgame looks rather unpleasant
for black.} ({Instead after} 19... c4 20. Rxd5 Qb6 {or 20...Qh4 black could
get some initiative, which was not easy to neutralise.}) 20. Rxd8 Nxc2 21. Rxb8
Rxb8 22. Kxc2 {The white king side is crippled. But the activity of the white
pieces quite compensates these positional defects. It seems, black has to play
resourcefully in order to save the game.} Kf8 $1 {Excellent! Black does not
move his pawns. He will exploit the sixth rank for a counter-attack!} 23. Rd7
Rb6 $1 24. Rxa7 Rh6 ({Much worse was} 24... Rf6 {Then:} 25. a4 Rxf4 26. a5
Rxf2+ 27. Kc3 Rxh2 28. Rb7 (28. a6 Rh6) 28... Rh6 29. Rb6 Rh1 (29... Rh3+ 30.
Kc4 Rh4+ 31. Kxc5 Ra4 (31... Rh5+ 32. Kd6 $1) 32. Rb5 g5 33. b3 Ra3 (33... Ra2
34. Kb6 $18) 34. Kb4 Ra1 35. Rxg5 $18) 30. Rb3 Rh6 31. Ra3 Ra6 32. Kc4 Ke7 33.
Kxc5 Kd7 34. b4 Rc6+ 35. Kb5 Kc7 36. a6 Rb6+ 37. Ka5 Re6 38. b5 Kb8 39. Rc3 {
followed by b5-b6, winning.}) 25. b4 {Here a3-a4 would not work out well. So
this move is white's only chance to play for a win.} cxb4 26. axb4 Rxh2 $2 {
This move puts the black position into jeopardy.} ({Black should make a draw by
} 26... Ke8 $1 27. Kc3 Rf6 28. b5 Kd8 29. Ra4 ({Or} 29. Kb4 Rxf4+ 30. Ka5 Rxf2)
29... Kc7) 27. b5 Rxf2+ ({Or} 27... Rh6 28. Kc3 Ke8 29. Kb4 Rf6 30. Ka5 {
white wins.}) 28. Kc3 {The next long series of moves is forced.} Rf3+ 29. Kc4
Rxf4+ 30. Kc5 Rf5+ 31. Kc6 Rf6+ 32. Kc7 Ke7 {g7-g5 in order to put the king to
g7 and thus to support better his passed pawns was also a worth to consider.}
33. b6 Rf1 34. b7 Rc1+ 35. Kb6 Rb1+ 36. Kc6 Ke6 37. Ra5 Rxb7 38. Kxb7 {A rare
position. It was still not clear to both competitors of the game, whether
white should win or not.} f5 {The best. Analysing the position with a group of
Swiss players, I managed to refute the following set-up:} (38... g6 39. Kc6 h5
{White wins by} 40. Rg5 $1 Kf6 41. Rd5 h4 42. Kc5) 39. Kc6 g5 $2 (39... f4 $1 {
would secure the draw for black:} 40. Kc5 Ke5 41. Kc4+ Ke4 42. Kc3 Ke3 43. Re5+
Kf2 44. Rg5 f3 (44... Ke2 $2 45. Rg2+ Ke1 46. Kd3 $18) 45. Kd2 (45. Rxg7 Ke2
$11) 45... g6 46. Rg4 h5 47. Rxg6 h4 48. Rh6 Kg2 $1 49. Ke3 h3 50. Rg6+ Kf1 $11
) 40. Kc5 Ke5 41. Kc4+ Ke4 42. Kc3 h5 (42... Ke3 43. Kc2 g4 44. Kd1 g3 45. Ke1
{and black is lost.}) 43. Kd2 h4 44. Ke2 g4 45. Ra4+ $4 (45. Kf2 {would win in
a few moves:} f4 (45... Kf4 46. Ra8 Kg5 47. Rf8 Kf4 48. Rg8 Ke5 49. Rh8 h3 50.
Kg3 Kf6 51. Rg8 Kf7 52. Rg5 Kf6 53. Kf4 $18 {(Vaganian)}) 46. Rh5 h3 47. Kg1
Kf3 48. Kh2 Ke2 49. Rg5 f3 50. Kg3 $1 $18) 45... Ke5 46. Ke3 h3 47. Ra5+ Kf6
48. Kf4 Kg6 49. Rb5 Kh6 $11 {The only move, everything else was losing.} 50.
Rb6+ Kg7 51. Ra6 Kf7 {Since 52.Rh6 Kg7 53.Kg5 does not work out, due to f5-f4,
the black set-up is unbreakable. Draw.} 1/2-1/2

[Event "USA-ch m"]
[Site "Los Angeles"]
[Date "1991.??.??"]
[Round "1.3"]
[White "Seirawan, Yasser"]
[Black "Ivanov, Igor Vasilievich"]
[Result "0-1"]
[WhiteElo "2615"]
[BlackElo "2450"]
[Annotator "Kortschnoj,V"]
[PlyCount "76"]
[EventDate "1991.07.??"]
[EventType "k.o."]
[EventRounds "4"]
[EventCountry "USA"]
[SourceTitle "CBM 025"]
[Source "ChessBase"]
[SourceDate "1991.12.01"]
[SourceVersion "1"]
[SourceVersionDate "1991.12.01"]
[SourceQuality "1"]

1. d4 Nf6 2. c4 e6 3. Nf3 b6 4. Nc3 Bb4 5. Qb3 Na6 $5 {Other continuations are
5...c5,5...a5 or 5...De7} 6. a3 Bxc3+ 7. Qxc3 c5 8. b4 O-O 9. dxc5 bxc5 10. b5
Nc7 11. e3 (11. Bb2 $5) 11... Ne4 12. Qc2 f5 13. Be2 Bb7 14. Bb2 f4 $6 (14...
d6 15. O-O e5 $13) 15. exf4 Rxf4 16. O-O d6 17. a4 $6 (17. Rad1 $1) 17... Qe7
18. Bc1 Rg4 (18... Rf7 19. Bd3 Rxf3 20. Bxe4 Bxe4 21. Qxe4 $16) 19. Ne1 Rg6 20.
Bh5 (20. Bf3 $5 $14) 20... Rf6 21. Bf3 Rxf3 $1 22. Nxf3 Rf8 23. Ra3 e5 $44 24.
Re1 Nf6 25. Nh4 (25. Bf4 Ne6 26. Bg3 $13) 25... Ne6 26. Nf5 Qd7 27. Rh3 g6 28.
Nh6+ Kg7 29. f3 Nd4 $17 30. Qd3 (30. Qd1 $5) 30... Nh5 31. Rf1 (31. Ng4 $5)
31... Nf4 32. Bxf4 Rxf4 33. Ng4 e4 $19 34. Qe3 h5 35. Nf2 exf3 36. g3 Ne2+ 37.
Kh1 Qxh3 38. Rg1 Qg2+ 0-1

[Event "Tata Steel-A 78th"]
[Site "Wijk aan Zee"]
[Date "2016.01.21"]
[Round "5"]
[White "Mamedyarov, Shakhriyar"]
[Black "Adams, Michael"]
[Result "1-0"]
[WhiteElo "2747"]
[BlackElo "2744"]
[Annotator "Krasenkow,M"]
[PlyCount "99"]
[EventDate "2016.01.16"]
[EventType "tourn"]
[EventRounds "13"]
[EventCountry "NED"]
[EventCategory "20"]
[SourceTitle "CBM 171"]
[Source "ChessBase"]
[SourceDate "2016.03.14"]
[SourceVersion "2"]
[SourceVersionDate "2016.03.14"]
[SourceQuality "1"]

1. d4 Nf6 2. c4 e6 3. Nc3 Bb4 4. Nf3 b6 5. Bd2 {A quiet, harmless continuation.
} O-O 6. Rc1 c5 {Amazingly, a novelty!} (6... Bb7 7. Bg5 d6 8. e3 Nbd7 9. Bd3
h6 10. Bxf6 Qxf6 11. O-O Bxc3 12. Rxc3 e5 13. d5 a5 14. Qc2 Rae8 15. Bf5 Nc5
16. e4 Bc8 17. Bxc8 Rxc8 $11 {1/2 (28) Christensen,W-Rohde,M (2540) Albany 1989
}) 7. dxc5 Bxc5 8. g3 Bb7 9. Bg2 Ne4 $6 {Is the exchange of White's d2 bishop
worth a precious tempo?} (9... Nc6 {is more solid.}) 10. O-O (10. Nxe4 $5 Bxe4
11. b4 Be7 12. Bc3 $14 {was a good alternative.}) 10... Nxd2 (10... Qe7 $5) 11.
Qxd2 Qe7 12. a3 {In the following game of future ECU presidents the same
position arose from a different move order, and White likewise obtained an
edge:} (12. Rfd1 Rd8 13. Qf4 d6 14. a3 a5 15. Nb5 Na6 16. Nfd4 Bxg2 17. Kxg2
Rac8 18. Nb3 d5 19. cxd5 exd5 20. Qf3 Qe5 21. Nc3 Nc7 22. e3 $14 {1-0 (37)
Azmaiparashvili,Z (2465)-Danailov,S (2425) Moscow 1986}) 12... a5 13. Rfd1 Rd8
14. Na4 d6 15. Nd4 Bxg2 16. Kxg2 Qb7+ 17. f3 d5 (17... Nc6 18. Nb5 $14) 18. Nb3
Bf8 19. Qd4 (19. Qe3 $5 Nd7 20. cxd5 exd5 21. Rd2 $14) (19. Qf4 $5 $14 {
[%cal Yc4d5]} Bd6 $6 20. Qe3) 19... b5 20. Nac5 (20. Nbc5 $142 Qc6 21. cxb5
Qxb5 22. Qd3 $1 $14 {White's control of the c-file promises him a tiny edge.})
20... Qa7 $5 {[%mdl 512] Black aspires to more than} (20... Qb6 21. cxd5 (21.
cxb5 a4 22. Nxa4 Qxb5 23. Nac5 Qxe2+) 21... Rxd5 22. Qe4 Rxd1 23. Rxd1 Ra7 $11)
21. cxb5 a4 22. Na1 $2 {[%csl Ra1]} (22. Qh4 $5 Rc8 (22... Be7 $2 23. b6) (
22... Re8 23. Rd4 $1 axb3 24. Ra4 Qb6 25. Rxa8 Bxc5 26. Qa4 $13) 23. Qxa4 Qxa4
24. Nxa4 Rxc1 25. Rxc1 Rxa4 26. Rc8 Nd7 $13) 22... Qb6 23. Nxa4 (23. Qc3 $142
Qxb5 24. Nd3 $15) 23... Qxb5 24. Nc5 Nc6 $6 (24... Bxc5 $142 25. Qxc5 (25. Rxc5
Qxe2+) 25... Qxb2 $17 {[%cal Rb2a3,Rb2e2]}) 25. Qf2 Ne5 (25... Qxb2 26. Nxe6
fxe6 27. Rxc6 d4 $36 {[%csl Ra1]}) 26. Nd3 Nxd3 27. exd3 g6 $44 28. Rc3 Rdb8
29. Rd2 Qa4 30. Rcc2 Bh6 31. f4 e5 32. Qf3 exf4 33. Rf2 Qd4 34. Rce2 Ra6 $2 {
[%mdl 8192] This move allows White to activate his knight and obtain an
advantage.} (34... Bg7 $5 35. gxf4 (35. Qxf4 $6 Qxf4 36. gxf4 Bd4) 35... Bf6
$44) 35. Nc2 $1 Qc5 36. Nb4 Rd6 37. gxf4 Bg7 38. f5 Rbd8 39. Rc2 Qb5 40. fxg6
Rxg6+ 41. Kh1 Qd7 {The game is far from over, Black still has some
compensation for the pawn as White's king is not safe.} 42. Rg2 (42. Rf1 $5)
42... Re8 43. Rce2 (43. Rc1 Re5 $132) 43... Bd4 $2 {[%mdl 8192] This blunder
loses another pawn.} (43... Rxe2 44. Qxe2 Kf8 $44) 44. Qxd5 $1 Rd8 $2 ({After} 
44... Rxg2 45. Rxe8+ Qxe8 46. Qxg2+ Kf8 47. Qe4 {(White must give back one
pawn to simplify the game)} Bxb2 48. Qxe8+ Kxe8 49. a4 {White is probably
winning but will have to work a lot. The text move leads to a completely
hopeless position.}) 45. Qxd7 Rxd7 46. Nc6 Bf6 47. d4 Rd6 48. Rc2 Kf8 49. Rxg6
hxg6 50. Rc4 {Black decided not to check White's technique any further.} 1-0

[Event "Olympiad-40"]
[Site "Istanbul"]
[Date "2012.09.09"]
[Round "11.1"]
[White "Kramnik, Vladimir"]
[Black "Naiditsch, Arkadij"]
[Result "1-0"]
[WhiteElo "2797"]
[BlackElo "2712"]
[Annotator "Krasenkow,M"]
[PlyCount "83"]
[EventDate "2012.08.28"]
[EventType "team-swiss"]
[EventRounds "11"]
[EventCountry "TUR"]
[SourceTitle "CBM 151"]
[Source "ChessBase"]
[SourceDate "2012.11.13"]
[SourceVersion "1"]
[SourceVersionDate "2012.11.13"]
[SourceQuality "1"]
[WhiteTeam "Russia"]
[BlackTeam "Germany"]
[WhiteTeamCountry "RUS"]
[BlackTeamCountry "GER"]

1. d4 Nf6 2. c4 e6 3. Nc3 Bb4 4. Nf3 b6 5. Qb3 c5 6. Bg5 h6 7. Bh4 g5 8. Bg3
Ne4 9. e3 Nc6 (9... Bxc3+ 10. bxc3 Nxg3 11. hxg3 Nc6 12. Bd3 Qe7 13. Be4 Bb7
14. Bxc6 dxc6 15. a4 cxd4 16. cxd4 c5 17. a5 $14 {1/2 Bocharov,D (2574)
-Alekseev,E (2625)/Biel 2005/CBM 107 ext (70)}) (9... cxd4 $5 10. exd4 (10.
Nxd4 Na6 11. Ndb5 Qf6 $132) 10... Nc6 11. Qc2 Bxc3+ 12. bxc3 Nxg3 13. hxg3 Ba6
14. Rh5 Qf6 15. Bd3 Rc8 16. Nd2 d5 {1/2 Malaniuk,V (2523)-Khairullin,I (2606)/
Brescia 2009/EXT 2010}) (9... Bb7 10. Bd3 Bxc3+ (10... Nxg3 11. hxg3 g4 12. Ne5
d6 13. Nxg4 Bxg2 14. Rh2 Bf3 15. Be2 Bxg4 16. Bxg4 Nc6 17. Bf3 Qd7 18. O-O-O
$16 {1/2 Van Wely,L (2681)-Polgar,J (2707)/Wijk aan Zee 2008/CBM 122 (37)}) 11.
bxc3 Nxg3 (11... h5 12. Be5 Rg8 13. d5 f5 14. h4 d6 15. Bh2 gxh4 16. Bxe4 fxe4
17. Nd2 $14 {1-0 Halkias,S (2579)-Ilandzis,S (2196)/Kallithea 2008/CBM 125
Extra (33)}) 12. hxg3 (12. fxg3 $6 g4 13. Nh4 Qg5 14. Kf2 Nc6 15. Rhe1 O-O-O
16. Kg1 Kb8 17. a4 Rc8 18. Qa2 Na5 $15 {0-1 Vigh,B (2378)-Farago,I (2486)/
Hungary 2001/EXT 2009 (47)}) 12... d6 13. d5 Nd7 14. a4 g4 15. Nd2 Qg5 16. e4
Rb8 17. a5 bxa5 18. Qa4 Qe5 19. Qxa5 exd5 20. cxd5 Bxd5 21. O-O Be6 $11 {
1/2 Ronczkowski,M (2284)-Bellmann,H (2299)/corr 2001/Telechess 86/[Bellmann] 
(32)}) 10. Bd3 (10. Qc2 Bxc3+ 11. bxc3 Nxg3 12. hxg3 Qf6 13. Nd2 Qe7 14. Be2
Bb7 15. dxc5 Qxc5 16. Ne4 Qe5 17. Rd1 Nb4 18. cxb4 Bxe4 19. Qd2 Rd8 20. f4 {
1/2 Schenk,A (2455)-Bar,R (2412)/Athens 2001/EXT 2002}) (10. d5 Na5 11. Qc2
Bxc3+ 12. bxc3 Nxg3 13. hxg3 Ba6 14. dxe6 dxe6 15. Qe4 {1-0 Estremera Panos,S 
(2364)-Tebar Moreno,J (2182)/Barcelona 2000/CBM 077 ext (63)} Ke7 $11) 10...
Bxc3+ $146 (10... Na5 11. Qc2 Bxc3+ 12. bxc3 Nxg3 13. fxg3 Ba6 14. O-O d6 15.
Nd2 O-O 16. g4 Bb7 17. Rf2 cxd4 18. exd4 Qe7 19. Nf1 Rac8 20. Ng3 Nxc4 21. Qe2
b5 22. Raf1 $40 {1-0 Nemet,I (2422)-Farago,I (2467)/Basel 2000/CBM 074 ext (32)
}) 11. bxc3 Nxg3 12. fxg3 $6 (12. hxg3 $11) 12... Qe7 $6 (12... g4 13. Nd2 Qg5
{with an excellent position for Black.}) 13. O-O Bb7 14. Rae1 O-O-O 15. Be4 f6
$6 (15... d6 $6 16. Bxc6 Bxc6 17. d5) (15... Na5 $1 $11 {E.Gleizerov}) 16. Bxc6
$1 {As you see from the games quoted above, this exchange is very typical in
this system.} dxc6 {[%csl Rb7]} (16... Bxc6 17. d5 Bb7 (17... exd5 18. cxd5 {
That's why 14.Rae1 - the e3-pawn is protected!}) 18. a4 $40) 17. a4 cxd4 18.
exd4 c5 19. a5 (19. d5 Rd6 20. Nd2 f5 $1 21. Qc2 $1 (21. Rxf5 Qd7 22. Rfe5 exd5
{E.Gleizerov}) 21... Qg7 22. Rxe6 Rxe6 23. Qxf5 Rhe8 24. dxe6 Qxc3 $13) 19...
Qd6 20. axb6 axb6 21. Rf2 Rhe8 22. Rd2 e5 $2 {[%mdl 16384]} (22... h5 $1 $132)
23. d5 {Totally killing the b7-bishop.} e4 24. Rde2 f5 25. g4 $1 fxg4 26. Nd2
e3 27. Rxe3 Rxe3 28. Rxe3 Kc7 $2 (28... h5 {still required good technique from
White, which probably started with} 29. Qb1 $1 {[%cal Re3e6]} (29. Re6 $143 Qf4
) 29... Qf6 30. Ne4 Qg6 31. Qf1 {[%cal Ye4f6]}) 29. Re6 Qxe6 30. dxe6 Rxd2 {
Black's hopes are vain: White's e6-pawn easily decides the game due to his
next move.} 31. Qb1 $1 Rxg2+ 32. Kf1 Rxh2 33. Qh7+ Kb8 34. e7 Bc6 35. Qg8+ Kb7
36. Qf7 Rh1+ 37. Ke2 Rh2+ 38. Ke1 Rh1+ 39. Kd2 Rh2+ 40. Kc1 Ka6 41. e8=Q Bxe8
42. Qxe8 1-0